Financial Accounting Theory & Practice/ (Record no. 192927)
[ view plain ]
| 000 -LEADER | |
|---|---|
| fixed length control field | 00636nam a22001937a 4500 |
| 005 - DATE AND TIME OF LATEST TRANSACTION | |
| control field | 20231121145504.0 |
| 010 ## - LCCN (DPL NO) | |
| LC control number | ENG-135354 |
| 020 ## - INTERNATIONAL STANDARD BOOK NUMBER | |
| Terms of availability | 595.00 |
| International Standard Book Number | 9789392080678 |
| 035 ## - SYSTEM CONTROL NUMBER | |
| System control number | EN-118886 |
| 037 ## - SOURCE OF ACQUISITION | |
| Source of stock number/acquisition | DBAD/PUB |
| 082 ## - DEWEY DECIMAL CLASSIFICATION NUMBER | |
| Classification number | 657 |
| 100 ## - MAIN ENTRY--PERSONAL NAME | |
| Personal name | Shukla, M.B |
| 245 ## - TITLE STATEMENT | |
| Title | Financial Accounting Theory & Practice/ |
| Statement of responsibility, etc | by M.B Shukla |
| 260 ## - PUBLICATION, DISTRIBUTION, ETC. (IMPRINT) | |
| Place of publication, distribution, etc | New Delhi |
| Name of publisher, distributor, etc | Kitab Mahal Publishers |
| Date of publication, distribution, etc | 2023 |
| 270 ## - ADDRESS | |
| Address | 4655/21 Ansari Road (G.F) Daryaganj, |
| City | New Delhi |
| Postal code | 110002 |
| Telephone number | 9335107914 |
| Electronic mail address | kitab_mahal@hotmail.com |
| 300 ## - PHYSICAL DESCRIPTION | |
| Extent | vp. |
| Dimensions | 27cm(Pbk) |
| 700 ## - ADDED ENTRY--PERSONAL NAME | |
| Personal name | Shukla, M.B Mishra, Ramesh |
| 9 (RLIN) | 58911 |
| 942 ## - ADDED ENTRY ELEMENTS (KOHA) | |
| Source of classification or shelving scheme | Dewey Decimal Classification |
| Item type | English Books |
| Call number suffix | Shukla |
| Classification part | 657 |
| Withdrawn status | Lost status | Not for loan | Collection code | Home library | Current library | Date acquired | Source of acquisition | Cost, normal purchase price | Full call number | Barcode | Copy number | Cost, replacement price | Koha item type |
|---|---|---|---|---|---|---|---|---|---|---|---|---|---|
| Non-fiction | Bawana | Bawana | 21/10/2022 | DBAD/PUB | 595.00 | 657 SUK | EN-118886 | 1 | 595.00 | English Books |
